| 000 | 00903nam a2200265 a 4500 | ||
|---|---|---|---|
| 003 | DO-SdBNP | ||
| 005 | 20260225080123.0 | ||
| 007 | ta | ||
| 008 | 220131e2019 dr ||||gr|||| 001 e spa d | ||
| 020 | _a9789945906561 | ||
| 040 |
_aDO-SdBNP _bspa _cBNPHU |
||
| 082 | 4 |
_222 _bF363u |
|
| 245 | 1 | 4 |
_aUna vida auténtica / _cLuis Fernández Rodríguez; Foto, Antero Amparo |
| 260 |
_aSanto Domingo : _bLetra Erguida, _c2019 |
||
| 300 |
_a111 p. ; _c21 cm. |
||
| 500 | _aIncluye datos biográficos del autor en la contraportada. | ||
| 590 | _aInventariado 2022 / MF | ||
| 650 | 4 |
_92093 _aVida Cristiana _vEnsayos, Conferencias, etc. _xRepública Dominicana |
|
| 650 | 0 |
_aConducta de vida _911947 |
|
| 650 |
_974610 _aHabilidades para la vida |
||
| 650 | 0 |
_973372 _aÉxito y personalidad _xEnsayos, Conferencias, etc. |
|
| 700 |
_aAmparo, Antero, _efotogr. _981159 |
||
| 910 | _aMFeliz | ||
| 942 |
_2ddc _cLBS1 |
||
| 999 |
_c51272 _d51272 |
||